Derecho y nuevas tecnologa̕s la influencia de Internet en la regulacin̤ de los Derechos de la personalidad y los retos digitales del ordenamiento ju /

Detalles Bibliográficos
Autor principal: Aranda Serna, Francisco J.
Formato: eBook
Lenguaje:español
Publicado: Madrid: Dykinson, 2021
Materias:
Acceso en línea:Acceso restringido

MARC

LEADER 00000nam a22000007a 4500
005 20220713224520.0
007 cr|||| ||||
008 220713s2021 es |||||s|||| 00||0 spa d
020 |a 978-84-1122-066-8 
035 |a 36454 
040 |a vLex 
090 |c 13557  |d 13557 
100 1 |a Aranda Serna, Francisco J. 
245 1 0 |a Derecho y nuevas tecnologa̕s  |h [Recurso electrn̤ico] :  |b la influencia de Internet en la regulacin̤ de los Derechos de la personalidad y los retos digitales del ordenamiento ju /  |c Aranda Serna, Francisco J. 
256 |a Servicio en ln̕ea 
260 |a Madrid:  |b Dykinson,  |c 2021 
300 |a 1 recurso electrn̤ico 
500 |a Las nuevas Tecnologa̕s de la Informacin̤ y de las Comunicaciones conllevan multitud de ventajas a nivel econm̤ico, cultural, polt̕ico y social, sin embargo, tambiň provocan una serie de conflictos y problemas jurd̕icos que suponen un desafo̕ para el Derecho. En este libro de investigacin̤ se analizan los retos de regular los cambios tecnolg̤icos y se examina la peculiar relacin̤ entre Derecho y tecnologa̕, as ̕como el uso indebido de las innovaciones tecnolg̤icas. Uno de los impactos ms̀ relevantes que posee Internet es el que afecta a los derechos fundamentales de la personalidad y a su regulacin̤: el derecho al honor, a la intimidad, a la propia imagen y a la libertad de expresin̤. Las innovaciones tecnolg̤icas crean incertidumbre jurd̕ica ya que causan que los ciudadanos acte︢n en entornos confusos donde los derechos y responsabilidades no estǹ bien determinados. Es difc̕il que el Derecho compita con el carc̀ter innovador de la tecnologa̕, pero cuanto ms̀ esfuerzo realice la ley por adaptarse a este entorno digital existirǹ ms̀ posibilidades de que las nuevas tecnologa̕s se ajusten a los principios normativos del ordenamiento jurd̕ico. La creacin̤ de un marco legal que regule con justicia las Nuevas Tecnologa̕s de la Informacin̤ y de las Comunicaciones es el l︢timo desafo̕ al que deber ̀hacer frente el Derecho. 
506 1 |a Disponible solo en los productos indicados  |d vLex Global  |d vLex Global (Academic Edition, excluding Law Schools)  |d vLex Global (U.S. Academic Edition, Law Schools)  |d vLex Global (U.S. Academic Edition, excluding Law Schools)  |d vLex Global (Academic Edition, Law Schools) 
650 0 4 |a Derecho de las Nuevas Tecnologa̕s  |z Espaą 
740 0 |a vLex Libros (Servicio en ln̕ea) 
856 4 0 |u https://app.vlex.com/#/sources/36454  |z Acceso restringido 
942 |c BOOK 
999 0 |a Law of New Technologies